100 Characters from Gothic - Statistics

General Stats
  • This quiz has been taken 256 times
  • The average score is 38 of 100
Answer Stats
% Correct
Diego
99%
Gorn
89%
Milten
88%
Lester
86%
Gomez
82%
Xardas
77%
Lares
76%
Lee
76%
Thorus
71%
Saturas
67%
Raven
66%
Cor Angar
63%
Cavalorn
58%
Y'Berion
58%
Bloodwyn
57%
Snaf
57%
Scar
55%
Cor Kalom
53%
Cronos
53%
Dexter
53%
Wolf
53%
Fisk
52%
Scatty
52%
Mordrag
51%
Corristo
50%
Mud
50%
Ian
48%
Bullit
46%
Torlof
46%
Myxir
45%
Nefarius
45%
Riordian
43%
Sly
43%
Arto
42%
Grim
42%
Ur-Shak
42%
Fletcher
40%
Huno
40%
Stone
40%
Buster
38%
Cord
38%
Bartholo
37%
Nek
37%
Dusty
36%
Kharim
36%
Merdarion
36%
Drax
35%
Fingers
35%
Jackal
35%
Cipher
34%
Kirgo
34%
Fortuno
32%
Skip
32%
Aaron
31%
Graham
31%
Jarvis
31%
Lefty
30%
Grimes
29%
Scorpion
29%
Whistler
29%
Aidan
28%
Guy
28%
Rodriguez
28%
Gravo
27%
Ratford
26%
Aleph
25%
Sharky
25%
Butch
23%
Herek
23%
Melvin
23%
Nyras
22%
Okyl
22%
Drake
21%
Gilbert
21%
Horatio
21%
Jeremiah
21%
Kyle
21%
Pacho
21%
Tarrok
21%
Asghan
20%
Baloro
20%
Blade
19%
Quentin
19%
Roscoe
19%
Alberto
18%
Harlok
18%
Jesse
18%
Joru
18%
Senyan
18%
Shrike
18%
Ghorim
17%
Rufus
17%
Ulbert
17%
Viper
17%
Shrat
16%
Glen
15%
Pock
15%
Caine
14%
Viran
14%
Jacko
11%
No matching quizzes found
Score Distribution
Percent of People with Each Score
Percentile by Number Answered
Your Score History
You have not taken this quiz